Rules of thumb for evaluating preferential trading arrangements: evidence from computable general equilibrium assessments (Record no. 289885)

000 -LEADER
fixed length control field 00630cam a22001697a 4500
008 - FIXED-LENGTH DATA ELEMENTS--GENERAL INFORMATION
fixed length control field 180718b2003 xxu||||| |||| 00| 0 eng d
100 ## - MAIN ENTRY--PERSONAL NAME
Personal name Harrison, Glenn W.
245 ## - TITLE STATEMENT
Title Rules of thumb for evaluating preferential trading arrangements: evidence from computable general equilibrium assessments
Statement of responsibility, etc. by Glenn W. Harrison, Thomas F. Rutherford and David G. Tarr
260 ## - PUBLICATION, DISTRIBUTION, ETC.
Place of publication, distribution, etc. Washington, D.C.
Name of publisher, distributor, etc. World Bank
Date of publication, distribution, etc. 2003
300 ## - PHYSICAL DESCRIPTION
Extent 9p.
440 ## - SERIES STATEMENT/ADDED ENTRY--TITLE
Title Policy research working paper; no. 3149
650 ## - SUBJECT ADDED ENTRY--TOPICAL TERM
Topical term or geographic name entry element Regionalism
650 ## - SUBJECT ADDED ENTRY--TOPICAL TERM
Topical term or geographic name entry element Free trade
650 ## - SUBJECT ADDED ENTRY--TOPICAL TERM
Topical term or geographic name entry element Tariff preferences
700 ## - ADDED ENTRY--PERSONAL NAME
Personal name Tarr, David G.
700 ## - ADDED ENTRY--PERSONAL NAME
Personal name Rutherford, Thomas F.
Holdings
Withdrawn status Lost status Damaged status Not for loan Permanent Location Current Location Date acquired Barcode Date last seen Price effective from Koha item type
        Indian Institute of Public Administration Indian Institute of Public Administration 2003-12-18 WB9830 2018-07-20 2018-07-20 WB

Powered by Koha